000 00226nam a2200097Ia 4500
005 20251222114412.0
008 251222s1900||||xx |||||||||||||| ||spa||
082 _aDVD0070/C76/2007
245 0 _aSoƱadoras:Dreamgirls
942 _cDVD
999 _c2075
_d2075